Flue remedies (Record no. 121082)
[ view plain ]
| 000 -LEADER | |
|---|---|
| fixed length control field | 00968nas a22002417a 4500 |
| 001 - CONTROL NUMBER | |
| control field | K121082 |
| 007 - PHYSICAL DESCRIPTION FIXED FIELD--GENERAL INFORMATION | |
| fixed length control field | ta |
| 008 - FIXED-LENGTH DATA ELEMENTS--GENERAL INFORMATION | |
| fixed length control field | 190809b2019 ||||| |||| 00| 0 eng d |
| 041 ## - LANGUAGE CODE | |
| Language code of text/sound track or separate title | eng |
| 100 ## - MAIN ENTRY--PERSONAL NAME | |
| Personal author | Miles, John |
| 245 ## - TITLE STATEMENT | |
| Title | Flue remedies |
| 490 ## - SERIES TITLE | |
| Series statement | RICS Property Journal |
| Volume | July/August 2019, 14-16(3) |
| 520 ## - ABSTRACT | |
| Abstract | Advises that modifications to chimneys and flues must be carried out carefully to ensure they maintain their load-bearing strength and performance. Notes that chimneys are exposed to the full force any adverse weather such as rain, frost or snow and offers advice on chimney removal works. Useful diagrams. |
| 650 ## - KEYWORDS | |
| Keywords | BUILDING REGULATIONS |
| 650 ## - KEYWORDS | |
| Keywords | CHIMNEYS |
| 650 ## - KEYWORDS | |
| Keywords | FLUES |
| 650 ## - KEYWORDS | |
| Keywords | DAMP |
| 651 ## - SUBJECT ADDED ENTRY--GEOGRAPHIC NAME | |
| Geographic name | United Kingdom 1973 |
| 690 ## - LOCAL SUBJECT ADDED ENTRY--TOPICAL TERM (OCLC, RLIN) | |
| 9 (RLIN) | 6225 |
| Topical term or geographic name as entry element | Building surveying |
| 690 ## - LOCAL SUBJECT ADDED ENTRY--TOPICAL TERM (OCLC, RLIN) | |
| 9 (RLIN) | 6223 |
| Topical term or geographic name as entry element | Building materials & defects |
| 690 ## - LOCAL SUBJECT ADDED ENTRY--TOPICAL TERM (OCLC, RLIN) | |
| 9 (RLIN) | 6222 |
| Topical term or geographic name as entry element | Building control |
| 856 ## - ONLINE RESOURCE | |
| Uniform Resource Identifier | https://issuu.com/ricsmodus/docs/property_journal_july-aug_2019/34 |
| Withdrawn status | Lost status | Damaged status | Not for loan | Home library | Current library | Shelving location | Date acquired | Total Checkouts | Date last seen | Price effective from | Koha item type |
|---|---|---|---|---|---|---|---|---|---|---|---|
| Virtual | Virtual | Online | 09/08/2019 | 09/08/2019 | 09/08/2019 | Journal article |